00426nam a2200145 a 4500001001000000003000400010005001700014008004100031040002500072100003100097245006600128260003600194300002000230504003000250000027673OSt20201117103925.0110404s1978 dr 000 0 spa d aDO-SdBNPbspacBNPHU1 aCastro García, Teófilo10aIntervención Yanqui 1916-1924 /cTeófilo Castro García. aSanto Domingo :bTaller,c1978. a54 p. ;c21 cm. aBibliografía : p. 53-54